Self-assessment and review of microbiology and immunology / (Record no. 28168)
[ view plain ]
| 000 -LEADER | |
|---|---|
| fixed length control field | 01632nam a22003015i 4500 |
| 003 - CONTROL NUMBER IDENTIFIER | |
| control field | EG-ScBUE |
| 005 - DATE AND TIME OF LATEST TRANSACTION | |
| control field | 20200223121609.0 |
| 008 - FIXED-LENGTH DATA ELEMENTS--GENERAL INFORMATION | |
| fixed length control field | 200219s2018 ii a f 000 0 eng d |
| 020 ## - INTERNATIONAL STANDARD BOOK NUMBER | |
| International Standard Book Number | 9789352704354 |
| 040 ## - CATALOGING SOURCE | |
| Original cataloging agency | EG-ScBUE |
| Language of cataloging | eng |
| Description conventions | rda |
| Transcribing agency | EG-ScBUE |
| Modifying agency | EG-ScBUE |
| 082 04 - DEWEY DECIMAL CLASSIFICATION NUMBER | |
| Classification number | 616.9041076 |
| Item number | CHA |
| Edition number | 22 |
| 100 1# - MAIN ENTRY--PERSONAL NAME | |
| Personal name | Chaurasia, Rachna, |
| Relator term | author. |
| 245 10 - TITLE STATEMENT | |
| Title | Self-assessment and review of microbiology and immunology / |
| Statement of responsibility, etc | Rachna Chaurasia, MD (Radiodiagnosis), Associate Professor, MLB Medical College, Jhansi, India (Ex-Registrar, Indraprastha Apollo Hospital, New Delhi), Anshul Jain, MD (Anaesthesia), Associate Professor, MLB Medical College, Jhansi, India (Ex-Senior Resident, Anaesthesiology, AIIMS, New Delhi) ; edited by Suman P. Singh, MBBS, MD (Microbiology), Professor, Department of Microbiology, Pramukhswami Medical College and HM Patel Centre for Medical Care and Education, Karamsad, Anand, Gujarat, India. |
| 250 ## - EDITION STATEMENT | |
| Edition statement | Thirteenth edition. |
| 264 #1 - PUBLICATION, DISTRIBUTION, ETC. (IMPRINT) | |
| Place of publication, distribution, etc | New Delhi : |
| Name of publisher, distributor, etc | Jaypee Brothers Medical Publishers / The Health Sciences Publisher, |
| Date of publication, distribution, etc | 2018. |
| 300 ## - PHYSICAL DESCRIPTION | |
| Extent | xii, 563 pages : |
| Other physical details | illustrations (color) ; |
| Dimensions | 28 cm |
| 336 ## - CONTENT TYPE | |
| Content type term | text |
| Content type code | txt |
| Source | rdacontent |
| 337 ## - MEDIA TYPE | |
| Media type term | unmediated |
| Media type code | n |
| Source | rdamedia |
| 338 ## - CARRIER TYPE | |
| Carrier type term | volume |
| Carrier type code | nc |
| Source | rdacarrier |
| 650 #7 - SUBJECT ADDED ENTRY--TOPICAL TERM | |
| Topical term or geographic name as entry element | Microbiology |
| Form subdivision | Examinations, questions, etc. |
| Source of heading or term | BUEsh |
| 650 #7 - SUBJECT ADDED ENTRY--TOPICAL TERM | |
| Topical term or geographic name as entry element | Medical microbiology |
| Form subdivision | Examinations, questions, etc. |
| Source of heading or term | BUEsh |
| 653 ## - INDEX TERM--UNCONTROLLED | |
| Resource For college | Pharmacy |
| Arrived date list | February2020 |
| BestSellers | Best Sellers |
| 700 1# - ADDED ENTRY--PERSONAL NAME | |
| Personal name | Jain, Anshul, |
| Relator term | author. |
| 700 1# - ADDED ENTRY--PERSONAL NAME | |
| Personal name | Singh, Suman P., |
| Relator term | editor. |
| 856 40 - ELECTRONIC LOCATION AND ACCESS | |
| Materials specified | Free online access (Access code) |
| Uniform Resource Identifier | <a href="https://www.accesspgmee.com/">https://www.accesspgmee.com/</a> |
| 942 ## - ADDED ENTRY ELEMENTS (KOHA) | |
| Source of classification or shelving scheme | Dewey Decimal Classification |
| Koha item type | Book - Borrowing |
| Withdrawn status | Lost status | Source of classification or shelving scheme | Damaged status | Not for loan | Collection code | Home library | Current library | Shelving location | Date acquired | Source of acquisition | Cost, normal purchase price | Serial Enumeration / chronology | Total Checkouts | Total Renewals | Full call number | Barcode | Date last seen | Date checked out | Cost, replacement price | Price effective from | Koha item type |
|---|---|---|---|---|---|---|---|---|---|---|---|---|---|---|---|---|---|---|---|---|---|
| Dewey Decimal Classification | Academic Science House | Central Library | Central Library | First floor | 23/02/2020 | Purchase | 980.00 | 993 | 1 | 1 | 616.9041076 CHA | 000048769 | 15/07/2025 | 16/03/2023 | 1225.00 | 23/02/2020 | Book - Borrowing |